Language Quiz

Random Language or Letter Quiz

Stuck in the Middle with 'Z' Quiz Stats

 Plays Quiz Updated Jan 24, 2015

Challenge
Share
Tweet
Embed
Score 0/20 Timer 08:00
0 Plays Today
Clue Word % Correct
Double cheese, no anchovies!Pizza
91.7%
Sporcle.com features themQuizzes
88.5%
Word that can precede Grace, Race or Spider-ManAmazing
86.5%
Only US State that fits the theme is also a
Pearl Harbor Memorial
Arizona
79.9%
Person who steals money from their employerEmbezzler
78.5%
From the 60s to the 80s, this Israeli submachinegun was the highest-selling in the worldUzi
73.3%
A musical toy played by humming into one endKazoo
72.6%
County where them Duke boys tear around in their
'69 Dodge Charger
Hazzard
71.4%
The Fresh Prince's DJ ______ JeffJazzy
68.9%
'Smokin' Joe', who beat Ali in the 'Fight of the Century'Frazier
68.1%
Clue Word % Correct
OPEC nation formerly led by Hugo ChavezVenezuela
66.9%
Old time pitcher Jay Dean, trumpeter John Gillespie and Guns N' Roses' Darren Reed all share this nicknameDizzy
64.1%
Vague, like some logic. Or golfer ZoellerFuzzy
63.9%
In the Old World, a hawk is often referred to as this;
in the New World, it's a name for a vulture.
Buzzard
63.7%
'____ Man' - a movie about a dude who hung around bears just a little too longGrizzly
61.9%
Infernal tunes that used to be piped into
elevators and malls
Muzak
56.4%
Egg egg egg egg egg egg egg egg egg egg egg eggDozen
50.6%
German philosopher who stated 'God is dead'Nietzsche
38.5%
Mr. Incredible's cool crime-fighting
(oops, I mean 'bowling') buddy
Frozone
33.5%
A thingamabob or a mogwaiGizmo
28.4%

You're not logged in!

Compare scores with friends on all Sporcle quizzes.
Join for Free
OR
Log In

You Might Also Like...

Show Comments

Extras

Top Quizzes Today


Score Distribution

Your Account Isn't Verified!

In order to create a playlist on Sporcle, you need to verify the email address you used during registration. Go to your Sporcle Settings to finish the process.

Report this User

Report this user for behavior that violates our Community Guidelines.

Details: